000 00733cam a2200241I 4500
001 4730008
003 ARRUPE
005 20140320112938.0
008 860709s1887 enkf 000 0 eng
010 _a17023071
035 _a(OCoLC)ocm13844995
035 _a(NNC)4730008
040 _aDLC
_cCIN
_dOCL
_dNYP
050 _aDT731
_b.A5
098 _aJk
100 1 _aAnderson, Andrew A.
_99187
245 1 0 _aTwenty-five years in a waggon in the gold regions of Africa.
_cBy Andrew A. Anderson. With illustrations by the author.
260 _aLondon,
_bChapman and Hall,
_c1887.
300 _a2 v.
_billus., plates.
_c20 cm.
651 0 _aSouth Africa
_xDescription and travel.
_99188
942 _2lcc
_cMONOGRAPH
999 _c120231
_d120231